Deadliest US Tornados - Statistics

General Stats
  • This quiz has been taken 262 times
  • The average score is 2 of 10
Answer Stats
Year Deaths Answer % Correct
2011 162 Joplin, Missouri Costliest
85%
1925 695 Tri-State Tornado Missouri, Illinois, Indiana
80%
1956 116 Flint, Michigan
18%
1840 317 Natchez, Missouri
18%
1896 255 St Louis / East St Louis, Missouri
18%
1947 181 Woodward, Oklahoma
13%
1899 117 New Richmond, Wisconsin
5%
1908 143 Amite, Louisiana / Pruvis, Mississippi
3%
1936 203 Gainezville, Georgia
0%
1936 216 Topello, Mississippi
0%
No matching quizzes found
Score Distribution
Percent of People with Each Score
Percentile by Number Answered
Your Score History
You have not taken this quiz